000 00298nam a22001217a 4500
008 170913b xxu||||| |||| 00| 0 eng d
041 _aeng
080 _a53
100 _a43
101 _aFIZ
245 _aANALYSIS OF VARIANE IN COMPLEX EXPERIMENTAL DESIGN
_cLINDMAN.H.R
942 _2udc
_cBK
999 _c27410
_d27410